Сини землі: повість з українського життя в Канаді (Запис № 371021)

МАРК-запис
000 -Лідер
fixed length control field 00791nam a22002537a 4500
001 - Контрольний номер
control field 84702
003 - Ідентифікатор контрольного номера
control field UA-OsUOA
005 - Дата та час останнього входження (трансакції)
control field 20220512153834.0
007 - Фіксоване поле фізичного опису
fixed length control field ta
008 - Елементи даних фіксованої довжини – загальна інформація
fixed length control field 20120607b un ||||| |||| 00| 0 ukr d
040 ## - Джерело каталогізації
Агенція оригінальної каталогізації UA-OsUOA
Мова каталогізації ukr
Агенція, яка здійснювала перезапис UA-OsUOA
Агенція, яка здійснювала модифікацію UA-OsUOA
041 ## - Код мови
Код мови тексту/ звукової доріжки чи окремого заголовка (П) ukr
080 ## - Індекс Універсальної десяткової класифікації
Індекс Універсальної десяткової класифікації (УДК) (НП) 821.161.2
090 ## - Локальний шифр розміщення
Класифікаційний індекс УДК 821.161.2
Авторський знак (НП) К43
100 ## - Основне введення – ім’я особи
Ім’я особи (НП) Киріяк І.
245 ## - Відомості про назву
Назва (НП) Сини землі: повість з українського життя в Канаді
260 ## - Публікація, розповсюдження і т.п. (Вихідні дані)
Місце публікації, розповсюдження і т.п. (П) Едмонтон
Дата публікації, розповсюдження і т.п. (П) 1939
300 ## - Фізичний опис
Обсяг 396 с.
505 ## - Форматована примітка про зміст
Змішана інформація Т. 1
650 #7 - Додаткове предметне введення – тематичний термін
Тематичний термін чи географічна назва, як елемент введення (НП) 821 Художня література окремими мовами і мовними сім'ями
Джерело заголовка чи терміна UDC
942 ## - Додаткові елементи входу (Коха)
Тип елемента Koha Книги
Source of classification or shelving scheme Universal Decimal Classification
955 ## - Код типу видання за змістом
Код типу видання за змістом (НП) Літературно-художні видання
Фонди
Стан вилучень Стан втрат Джерело класифікації або схеми стелажів Стан уражень Не для кредиту Код колекції Постійне місце розташування Поточне розміщення Дата придбання Джерело придбання Вартість, звичайна ціна покупки Послідовне перерахування / хронологія Інвентарний номер Повний номер виклику Штрих-код Дата останнього перегляду Ціна ефективна від Тип елемента Koha
    Universal Decimal Classification     Колекція бібліотеки інституту Св. Івана АБ - Абонемент НБ АБ - Абонемент НБ 07/06/2012 48/2012 7.00 Т. 1 138972 821.161.2 К43 138972 11/02/2022 07/06/2012 Книги
    Universal Decimal Classification     Колекція бібліотеки інституту Св. Івана АБ - Абонемент НБ АБ - Абонемент НБ 13/06/2012 48/2012 7.00 Т. 1 139269 821.161.2 К43 139269 11/02/2022 07/06/2012 Книги
    Universal Decimal Classification     Колекція бібліотеки інституту Св. Івана АБ - Абонемент НБ АБ - Абонемент НБ 20/06/2012 48/2012 7.00 Т. 1 139597 821.161.2 К43 139597 11/02/2022 07/06/2012 Книги
    Universal Decimal Classification       АБ - Абонемент НБ АБ - Абонемент НБ 12/11/2012     Т. 1 51003 821.161.2 К43 51003 29/03/2022 07/06/2012 Книги
    Universal Decimal Classification       АБ - Абонемент НБ АБ - Абонемент НБ 12/11/2012     Т. 1 58397 821.161.2 К43 58397 29/03/2022 07/06/2012 Книги
    Universal Decimal Classification       Наукова бібліотека ІДУД Наукова бібліотека ІДУД 25/11/2011 251/2011 1.00 Т. 1 2132421 09.-82-31 К43 2132421 14/09/2019 25/11/2011 Книги
    Universal Decimal Classification       Наукова бібліотека ІДУД Наукова бібліотека ІДУД 30/05/2012 275/2012 1.00 Т. 1 2133377 09.-82-3 К43 2133377 14/09/2019 30/05/2012 Книги